| 000 | 00000nam 2200000zi 4500 |
| 001 | 9.929686 |
| 003 | CaOODSP |
| 005 | 20241212143705 |
| 006 | m o d f |
| 007 | cr cn||||||||| |
| 008 | 231030e201807##oncad o f|0| 0 fre d |
| 040 | |aCaOODSP|bfre|erda|cCaOODSP |
| 043 | |an-cn--- |
| 086 | 1 |aIu134-40/2018F-PDF |
| 245 | 00|aOptimisme économique et réaction aux tarifs douaniers entre le Canada et les États-Unis : |bfaits saillants du sondage / |cRecherche et intelligence de marché à BDC. |
| 246 | 37|aBDC – optimisme économique et tarifs douaniers, juillet 2018 |
| 264 | 1|a[Ottawa] : |bBDC, |cjuillet 2018. |
| 300 | |a1 ressource en ligne (4 pages) : |billustrations, graphiques |
| 336 | |atexte|btxt|2rdacontent/fre |
| 337 | |ainformatique|bc|2rdamedia/fre |
| 338 | |aressource en ligne|bcr|2rdacarrier/fre |
| 500 | |aTitre de la couverture. |
| 500 | |aPublié aussi en anglais sous le titre : Economic optimism and response to Canada-U.S. tariffs : survey highlights. |
| 520 | |a« Selon les répondants, BDC pourrait aider les entreprises canadiennes en partageant de l'information et en offrant un soutien financier aux entreprises les plus touchées » -- Sommaire des résultats, page 3. |
| 650 | 6|aTarif douanier|xPolitique gouvernementale|zCanada. |
| 650 | 6|aOpinion publique|zCanada. |
| 651 | 6|aCanada|xCommerce|zÉtats-Unis. |
| 651 | 6|aÉtats-Unis|xCommerce|yCanada. |
| 710 | 2 |aBanque de développement du Canada, |eorganisme de publication. |
| 775 | 08|tEconomic optimism and response to Canada-U.S. tariffs : |w(CaOODSP)9.929685 |
| 856 | 40|qPDF|s258 Ko|uhttps://publications.gc.ca/collections/collection_2024/bdc/Iu134-40-2018-fra.pdf |